LEADER 01356nam a2200325 a 4500 001 000000130605 003 CaOOAMICUS 005 20121002150951.0 008 121002s2012 it u000 u ita r 020 $a978-88-13-31536-8 040 $aPUL$bita 082 04$a345.4505 100 1 $aConso, Giovanni.$0(OLS)http://pul/name/15769 245 10$aCompendio di procedura penale /$cGiovanni Conso, Vittorio Grevi e Marta Bargis ; Francesco Caprioli ... [et al.]. 250 $a6. ed. 260 $aPadova :$bCEDAM,$c2012. 300 $aLX, 1300 p. ;$c25 cm 504 $aBibliografia in nota. 650 4$aProcedura penale$zItalia$vManuali, compendi.$0(OLS)http://pul/subject/21692 700 1 $aGrevi, Vittorio.$0(OLS)http://pul/name/15770 700 1 $aBargis, Marta.$0(OLS)http://pul/name/83704 700 1 $aCaprioli, Francesco.$0(OLS)http://pul/name/83705 850 $aPUL 852 $aPUL$W1$xDP2 Diritto e Scienze Sociali 3$y110$m345. 4505 CONGI 1$j151047$qDDC 21$B149739$CPULBib$Z2$F149739 $H120802 $82 941 1 $a9 996 $6020$a978-88-13-31536-8$9(OLS)http://pul/number/150678 996 $6082$a345.4505$9(OLS)http://pul/classification/385 996 $6245$aCompendio di procedura penale$9(OLS)http://pul/title/52334 996 $6260$aPadova :$bCEDAM$9(OLS)http://pul/publisher/48126 LEADER 02229nam a2200373 a 4500 001 000000121188 003 CaOOAMICUS 005 20100413154259.0 008 100413t20099999vc u000 u eng r 020 $z978-88-209-8288-1 (v. 1)* 040 $aPUL$bita$dReb 041 0 $aeng$alat 082 04$a261.5 245 10$aCatholic Church and modern science :$bdocuments from the Archives of the Roman Congregations of the Holy Office and the Index. 260 $aRoma :$bLibreria editrice vaticana,$c©<2009->. 300 $a<1-4> v. ;$c25 cm. 490 1 $aFontes Archivi Sancti Officii Romani$aSeries Documentorum Archivi ;$v05 500 $aIl v. 1 è composto da 4 tomi. 505 0 $av. 1: Sixteenth - Century Documents / Edited by Ugo Baldini and Leen Spruit. 610 24$aChiesa Cattolica$xStoria$ySec. XVI$xDocumenti.$0(OLS)http://pul/subject/36721 650 4$aChiesa e scienza$ySec. XVI$xDocumenti.$0(OLS)http://pul/subject/36722 700 1 $aSpruit, Leen.$0(OLS)http://pul/name/75887 700 1 $aBaldini, Ugo.$0(OLS)http://pul/name/62684 830 0$aFontes Archivi Sancti Officii Romani$pSeries Documentorum Archivi ;$v05.$0(OLS)http://pul/title/152417 850 $aPUL 852 $aPUL$W1$xSL Religione 3$y85$m261. 5 COLL 1.1.1$j138953$av. 1.1$qDDC 21$B138192$CPULBib$Z2$F138192 $H113290 $82 852 $aPUL$W1$xSL Religione 3$y85$m261. 5 COLL 1.1.2$j138954$av. 1.2$qDDC 21$B138193$CPULBib$Z2$F138193 $H113291 $82 852 $aPUL$W1$xSL Religione 3$y85$m261. 5 COLL 1.1.3$j138955$av. 1.3$qDDC 21$B138194$CPULBib$Z2$F138194 $H113292 $82 852 $aPUL$W1$xSL Religione 3$y85$m261. 5 COLL 1.1.4$j138956$av. 1.4$qDDC 21$B138195$CPULBib$Z2$F138195 $H113293 $82 941 1 $a9 996 $6020$z978-88-209-8288-1 (v. 1)*$9(OLS)http://pul/number/143843 996 $6082$a261.5$9(OLS)http://pul/classification/417 996 $6245$aCatholic Church and modern science :$bdocuments from the Archives of the Roman Congregations of the Holy Office and the Index$9(OLS)http://pul/title/152416 996 $6260$aRoma :$bLibreria editrice vaticana$9(OLS)http://pul/publisher/67888